| 000 | 00511cam a22002051 4500 | ||
|---|---|---|---|
| 001 | f 01001522 | ||
| 003 | DLC | ||
| 005 | 20260227111240.0 | ||
| 008 | 890329s1898 fr 000 0 fre | ||
| 010 | _af 01001522 | ||
| 035 | _a(OCoLC)23408688 | ||
| 040 |
_aDLC _cMiU _dDLC |
||
| 042 | _apremarc | ||
| 050 | 0 | 0 |
_aPQ2411 _b.V6 1898 |
| 100 | 1 |
_aSand, George, _d1804-1876 |
|
| 245 | 1 | 3 | _aLa ville noire, |
| 250 | _aNouv. éd. | ||
| 260 |
_aParis, _bCalmann Lévy, _c1898. |
||
| 300 |
_a2 p.l., 259 p. _c19 cm. |
||
| 999 |
_c22590 _d22590 |
||